000
00257nam a2200097Ia 4500
082
_a
AB EF MOOR
245
0
_a
Starting over
100
_a
Moorcroft, Sue Rearsby [England], (-2009)
_9
75863
942
_c
BK
008
210817s9999 xx 000 0 und d
999
_c
251370
_d
251370